Opodstatnenosť MSP a ich špecifické možnosti získavania finančných prostriedkov

Postavenie a význam malých a stredných podnikov. Štruktúra MSP podľa jednotlivých odvetví (2015). Swot analýza malých a stredných podnikov. Špecifické možnosti ako môžu MSP získať finančné zdroje. Prevod práv duševného vlastníctva, tzv. predaj. Poskytnutie licencie. Franšízing duševného vlastníctva.

Salvato in:
Dettagli Bibliografici
Autore principale: Križan, Martin
Altri autori: Deáková, Stanislava, 1974-
Natura: Capitolo di libro
Lingua:slovacco
Soggetti:
Tags: Aggiungi Tag
Nessun Tag, puoi essere il primo ad aggiungerne!!

MARC

LEADER 00000naa$a2200000$$$4500
001 0225059
005 20240502073704.8
041 0 |a slo 
044 |a SK 
245 1 0 |a Opodstatnenosť MSP a ich špecifické možnosti získavania finančných prostriedkov  |c Martin Križan, Stanislava Deáková 
520 |a Postavenie a význam malých a stredných podnikov. Štruktúra MSP podľa jednotlivých odvetví (2015). Swot analýza malých a stredných podnikov. Špecifické možnosti ako môžu MSP získať finančné zdroje. Prevod práv duševného vlastníctva, tzv. predaj. Poskytnutie licencie. Franšízing duševného vlastníctva. 
610 2 0 |a podnik malý 
610 2 0 |a podnik stredný 
610 2 0 |a analýza swot 
610 2 0 |a zdroje finančné 
610 2 0 |a financie 
610 2 0 |a vlastníctvo duševné 
610 2 0 |a predaj 
610 2 0 |a licencie 
610 2 0 |a franšíza 
100 1 |a Križan, Martin 
700 1 |a Deáková, Stanislava, 1974-